Colección de fábulas originales
Shranjeno v:
| Main Authors: | , |
|---|---|
| Format: | Knjiga |
| Jezik: | španščina |
| Izdano: |
Santiago
Imprenta Victoria
1888
|
| Izdaja: | 1a. ed |
| Teme: | |
| Oznake: |
Označite
Brez oznak, prvi označite!
|
MARC
| LEADER | 00000nam a2200000 a 4500 | ||
|---|---|---|---|
| 001 | UCJ3254 | ||
| 003 | CL-VaPUC | ||
| 008 | 070124e18880000CL |||||||||||||||||spa|d | ||
| 082 | 0 | 4 | |a Ch861 |b LET |2 21 |
| 100 | |a Letelier, Sandalio |e author |9 504976 | ||
| 700 | 0 | |a Acuña, Pedro Nolasco |e author |9 504977 | |
| 245 | 1 | 0 | |a Colección de fábulas originales |
| 246 | 1 | 0 | |a Manual de Pedagogía |
| 250 | |a 1a. ed | ||
| 300 | |a 184 p | ||
| 942 | |c BK | ||
| 945 | |d 20070124 00:00:00 |a rinostro | ||
| 260 | |a Santiago |b Imprenta Victoria |c 1888 | ||
| 500 | |a Este volumen contiene además el Manual de Pedagogía, de Pedro Nolasco Acuña | ||
| 650 | 0 | |a Poesía chilena |9 268403 | |
| 650 | 7 | |a FABULAS |2 CL-VaPUC |9 504978 | |
| 650 | 0 | |a Educación |9 258661 | |
| 583 | |a last modification |c 20070124 00:00:00 |k Rodrigo Vera | ||
| 999 | |c 319376 |d 319374 | ||
| 952 | |0 0 |1 0 |4 0 |6 CH_861_000000000000000_LET_1888 |7 0 |8 X |9 397687 |a FDOBUD |b FDOBUD |d 2019-11-22 |i 1001426 |o Ch861 LET 1888 |p 1001426 |r 2019-11-22 |w 2019-11-22 |y BK_X |k BUD | ||